Photofact: curso de televisión

Gorde:
Xehetasun bibliografikoak
Egile nagusia: Sams, Howard W (Egilea)
Formatua: Liburua
Hizkuntza:gaztelania
Argitaratua: Ciudad de México Continental 1975
Gaiak:
Etiketak: Etiketa erantsi
Etiketarik gabe, Izan zaitez lehena erregistro honi etiketa jartzen!

MARC

LEADER 00000nam a2200000 a 4500
001 UCU6028
003 CL-VaPUC
008 960614e19750000MX |||||||||||||||||spa|d
082 0 4 |a 621.388  |b SAM  |2 21 
100 0 |a Sams, Howard W  |e author  |9 364147 
245 1 0 |a Photofact: curso de televisión 
300 |a 204 p 
942 |c BK 
945 |d 19960614 00:00:00  |a lriquelm 
260 |a Ciudad de México  |b Continental  |c 1975 
650 7 |a SISTEMAS DE TELEVISON  |2 CL-VaPUC  |9 363585 
650 0 |a Telecomunicaciones   |9 257195 
650 7 |a TUBOS ELECTRONICOS  |2 CL-VaPUC  |9 364148 
650 7 |a TUBOS DE IMAGEN  |2 CL-VaPUC  |9 364149 
650 7 |a TUBOS DE RAYOS CATODICOS  |2 CL-VaPUC  |9 364150 
650 0 |a Circuitos electrónicos  |9 260204 
650 0 |a Amplificadores   |9 338119 
650 0 |a Antenas  |9 263309 
650 7 |a EMISION DE TELEVISION  |2 CL-VaPUC  |9 364151 
583 |a last modification  |c 19960614 00:00:00  |k Rodrigo Vera 
999 |c 249113  |d 249111 
952 |0 0  |1 0  |4 0  |6 621_388000000000000_SAM_1975  |7 0  |8 A  |9 266154  |a BIBING  |b BIBING  |d 2019-11-19  |i 1678116  |o 621.388 SAM 1975  |p 1678116  |r 2025-01-20  |w 2019-11-19  |y BK  |k EIE